Welcome to CU Library Online Public Access Catalogue (OPAC)

Women of the forest (Record no. 9508)

MARC details
000 -LEADER
fixed length control field 00724cam a2200229 4500
001 - CONTROL NUMBER
control field 4569026
005 - DATE AND TIME OF LATEST TRANSACTION
control field 20260422145026.0
008 - FIXED-LENGTH DATA ELEMENTS--GENERAL INFORMATION
fixed length control field 740529s1974 nyub b 001 0 eng
020 ## - INTERNATIONAL STANDARD BOOK NUMBER
International Standard Book Number 0231036825
020 ## - INTERNATIONAL STANDARD BOOK NUMBER
International Standard Book Number 023103881X
Qualifying information pbk.
020 ## - INTERNATIONAL STANDARD BOOK NUMBER
International Standard Book Number 9780231036825
050 00 - LIBRARY OF CONGRESS CALL NUMBER
Classification number F2520.1.M8
Item number M83
082 00 - DEWEY DECIMAL CLASSIFICATION NUMBER
Classification number 301.41/2/09801
100 1# - MAIN ENTRY--PERSONAL NAME
Personal name Murphy, Yolanda.
245 10 - TITLE STATEMENT
Title Women of the forest
Statement of responsibility, etc. [by] Yolanda Murphy and Robert F. Murphy.
260 ## - PUBLICATION, DISTRIBUTION, ETC.
Place of publication, distribution, etc. New York,
Name of publisher, distributor, etc. Columbia University Press,
Date of publication, distribution, etc. 1974.
300 ## - PHYSICAL DESCRIPTION
Extent xii, 236 p.
Other physical details maps.
Dimensions 20 cm.
650 #0 - SUBJECT ADDED ENTRY--TOPICAL TERM
Topical term or geographic name entry element Munduruku women.
650 #0 - SUBJECT ADDED ENTRY--TOPICAL TERM
Topical term or geographic name entry element Munduruku Indians
General subdivision Social life and customs.
700 1# - ADDED ENTRY--PERSONAL NAME
Personal name Murphy, Robert F.
Fuller form of name (Robert Francis),
Dates associated with a name 1924-1990,
Relator term joint author.
942 ## - ADDED ENTRY ELEMENTS (KOHA)
Source of classification or shelving scheme Library of Congress Classification
Koha item type Books
Suppress in OPAC No
999 ## -
-- 9508
-- 9508
Holdings
Withdrawn status Lost status Source of classification or shelving scheme Damaged status Not for loan Collection Home library Current library Shelving location Date acquired Total checkouts Full call number Barcode Date last seen Price effective from Koha item type
    Library of Congress Classification     Non-fiction Main Library (Kumasi) Main Library (Kumasi) General stacks 04/22/2026   F2520.1.M8M83 MUR bssk00000165 04/22/2026 04/22/2026 Books
© 2023-2024 Copyright: Central University Libraries. All Rights Reserved | Created by: Mahone Tech Office